[Event "Mallorca-chT Preferente"]
[Site "Palma de Mallorca"]
[Date "2020.02.01"]
[Round "1.6"]
[White "Oliver Font, Jose Luis"]
[Black "Garcia Perez, Pedro"]
[Result "0-1"]
[WhiteElo "1706"]
[BlackElo "1838"]
[PlyCount "58"]
[EventDate "2020.02.01"]
[EventType "team-tourn"]
[EventRounds "9"]
[EventCountry "ESP"]
[SourceTitle "CBM 195 Extra"]
[Source "ChessBase"]
[SourceDate "2020.05.31"]
[SourceVersion "1"]
[SourceVersionDate "2020.05.31"]
[SourceQuality "1"]
[WhiteTeam "Vuit Peons"]
[BlackTeam "Tropic"]
[WhiteTeamCountry "ESP"]
[BlackTeamCountry "ESP"]

1. e4 e5 2. Nf3 d5 3. Nxe5 Qe7 4. d4 f6 5. Nf3 dxe4 6. Ng1 Be6 7. b3 Nd7 8. d5 Bf5 9. Ba3 Qe5 10. Bxf8 Kxf8 11. c3 Ne7 12. Nd2 Nxd5 13. Rc1 Nxc3 14. Qc2 Nd5 15. Nc4 Qe6 16. Ne2 c5 17. Ne3 Nb4 18. Qd2 Nd3+ 19. Kd1 g5 20. Nxf5 Qxf5 21. Ng3 Qxf2 22. Bxd3 Qxd2+ 23. Kxd2 exd3 24. Kxd3 Ne5+ 25. Ke4 b6 26. Rhf1 Kf7 27. Rf3 Rad8 28. Rcf1 Rd4+ 29. Ke3 Ng4+ 0-1

[Event "Roncana op-B 9th"]
[Site "Santa Eulalia de Roncana"]
[Date "2015.11.14"]
[Round "6"]
[White "Garcia Perez, Pedro"]
[Black "Plantada Martorell, Josep"]
[Result "1-0"]
[WhiteElo "1707"]
[BlackElo "1526"]
[PlyCount "61"]
[EventDate "2015.10.03"]
[EventType "swiss"]
[EventRounds "8"]
[EventCountry "ESP"]
[SourceTitle "EXT 2017"]
[Source "ChessBase"]
[SourceDate "2016.10.25"]
[SourceVersion "1"]
[SourceVersionDate "2016.10.25"]
[SourceQuality "1"]

1. e4 e5 2. Nf3 Nc6 3. Bc4 Nf6 4. d3 d5 5. exd5 Nxd5 6. 0-0 Bg4 7. Nbd2 Nd4 8. c3 Nc6 9. Ne4 Be7 10. Ned2 0-0 11. Qe1 Bf6 12. h3 Bf5 13. Ne4 Be6 14. Nc5 Rb8 15. Nxe6 fxe6 16. d4 Qd6 17. dxe5 Nxe5 18. Qe2 Nxc4 19. Qxc4 b5 20. Qg4 Rf7 21. Re1 Re8 22. h4 Kh8 23. Be3 a5 24. Re2 e5 25. Rae1 Ree7 26. Qc8+ Re8 27. Qxe8+ Rf8 28. Qxb5 Kg8 29. Bc5 Qd8 30. Bxf8 Qxf8 31. Qxd5+ 1-0

[Event "Roncana op-B 9th"]
[Site "Santa Eulalia de Roncana"]
[Date "2015.10.24"]
[Round "3"]
[White "Garcia Perez, Pedro"]
[Black "Lazaro Valls, Xavier"]
[Result "0-1"]
[WhiteElo "1707"]
[BlackElo "1831"]
[PlyCount "92"]
[EventDate "2015.10.03"]
[EventType "swiss"]
[EventRounds "8"]
[EventCountry "ESP"]
[SourceTitle "EXT 2017"]
[Source "ChessBase"]
[SourceDate "2016.10.25"]
[SourceVersion "1"]
[SourceVersionDate "2016.10.25"]
[SourceQuality "1"]

1. e4 c5 2. d4 cxd4 3. Qxd4 Nc6 4. Qd1 g6 5. Bb5 Bg7 6. Nf3 Qa5+ 7. Qd2 Qxb5 8. Nc3 Qc4 9. Qd3 Qxd3 10. cxd3 Nb4 11. Ke2 Nf6 12. a3 Nc6 13. h3 d6 14. Be3 0-0 15. Rab1 Rd8 16. Rhd1 d5 17. exd5 Nxd5 18. Nxd5 Rxd5 19. Rd2 Nd4+ 20. Bxd4 Bxd4 21. Nxd4 Rxd4 22. Ke3 Rd6 23. Rc1 Be6 24. Rc7 Rd7 25. Rdc2 Rad8 26. R7c3 Bf5 27. Rd2 h5 28. f3 Rd6 29. g4 hxg4 30. hxg4 Be6 31. Rc7 R6d7 32. Rxd7 Bxd7 33. Rc2 Bb5 34. d4 Bc6 35. Rc4 Kg7 36. a4 e6 37. a5 Rh8 38. Rc3 Kf6 39. Rc2 Rh3 40. Rf2 Rh1 41. Kd3 Ra1 42. b4 Ra3+ 43. Kc4 a6 44. f4 Ke7 45. g5 Kd6 46. Rh2 Bb5# 0-1